The Far East in world trade : Developments and growth since 1945
Saved in:
| Main Author: | |
|---|---|
| Format: | Book |
| Language: | Undetermined |
| Published: |
New York
F. A. Praeger
1967
|
| Subjects: | |
| Tags: |
Add Tag
No Tags, Be the first to tag this record!
|
| Institutions: | Trung tâm Học liệu Trường Đại học Cần Thơ |
|---|
| LEADER | 00540nam a2200205Ia 4500 | ||
|---|---|---|---|
| 001 | CTU_90261 | ||
| 008 | 210402s9999 xx 000 0 und d | ||
| 082 | |a 382.095 | ||
| 082 | |b H678 | ||
| 100 | |a Ho, Alfred K. | ||
| 245 | 4 | |a The Far East in world trade : | |
| 245 | 0 | |b Developments and growth since 1945 | |
| 245 | 0 | |c Alfred K. Ho | |
| 260 | |a New York | ||
| 260 | |b F. A. Praeger | ||
| 260 | |c 1967 | ||
| 650 | |a East asia | ||
| 650 | |x Commerce | ||
| 904 | |i Năm,Hải | ||
| 980 | |a Trung tâm Học liệu Trường Đại học Cần Thơ | ||